Lietajúci Švéd pod košickým nebom

Podrobná bibliografia
Hlavný autor: (lš) (Author)
Médium: Článok
Jazyk:Slovak
Témy:
Zdroj: 1. Slovenský východ 1. Roč. 3/22, č. 101 (3.5.1993), s. 1
LEADER 00749nab#a2200313#ar4500
001 000051613
003 SVKKK
005 20050309105836.0
008 050309c1993 xo e slo
FMT
038 |a SVKKK 
040 |a SVKKK  |b slo  |e AACR2 
041 0 |a slo 
044 |a xo  |c SK 
080 |a 623.746  |2 1997 
100 0 |a (lš)  |4 aut 
245 1 0 |a Lietajúci Švéd pod košickým nebom  |c [autor] (lš) 
300 |a Obr. 
610 2 4 |a Tatra-Air (Košice, Slovensko) 
650 0 4 |a SAAB 340-B (lietadlo)  |x nasadenie do prevádzky 
773 0 |t Slovenský východ  |g Roč. 3/22, č. 101 (3.5.1993), s. 1 
957 |a 803 
958 |a K1 
974 |a Čr 
992 |a RBX 
BAS
852 |a SVKKK  |b BIB 
EXP
998 |a REG